Pierwiastki chemiczne występujące w organizmie człowieka - Statystyki

Ogólne statystyki
  • Ten quiz został rozwiązany 109 razy
  • Średni wynik to 17 z 26
Statystyki odpowiedzi
typ pierwiastek % Poprawnych
makroelement tlen
95%
makroelement wodór
94%
mikroelement żelazo
91%
makroelement węgiel
86%
makroelement azot
85%
makroelement magnez
82%
makroelement potas
81%
makroelement siarka
81%
makroelement wapń
81%
mikroelement fluor
77%
makroelement sód
77%
makroelement fosfor
75%
mikroelement jod
75%
makroelement chlor
68%
mikroelement cynk
67%
mikroelement miedź
63%
mikroelement krzem
59%
mikroelement bor
58%
mikroelement cyna
52%
mikroelement mangan
48%
mikroelement glin
43%
mikroelement selen
41%
mikroelement kobalt
35%
mikroelement chrom
32%
mikroelement kadm
22%
mikroelement molibden
14%
Nie znaleziono quizów pasujących do podanych kryteriów
Rozkład punktacji
Procent ludzi z każdym wynikiem
Percentyl według liczby udzielonych odpowiedzi
Twoja historia wyników
Nie rozwiązałeś tego quizu